Halsbury's Laws of England : Consolidated Table of Statutes 2014. / (Record no. 4121)
[ view plain ]
| 000 -LEADER | |
|---|---|
| fixed length control field | 00711nam a22001697a 4500 |
| 008 - FIXED-LENGTH DATA ELEMENTS--GENERAL INFORMATION | |
| fixed length control field | 140903b xxu||||| |||| 00| 0 eng d |
| 020 ## - INTERNATIONAL STANDARD BOOK NUMBER | |
| International Standard Book Number | 9781405780575 |
| 050 ## - LIBRARY OF CONGRESS CALL NUMBER | |
| Classification number | KD310.H16(4\5e 2014) |
| 245 ## - TITLE STATEMENT | |
| Title | Halsbury's Laws of England : Consolidated Table of Statutes 2014. / |
| Statement of responsibility, etc. | edited by Lord Mackay. |
| 250 ## - EDITION STATEMENT | |
| Edition statement | 4th and 5th ed. |
| 260 ## - PUBLICATION, DISTRIBUTION, ETC. | |
| Place of publication, distribution, etc. | London: |
| Name of publisher, distributor, etc. | Lexis Nexis, |
| Date of publication, distribution, etc. | 2013. |
| 300 ## - PHYSICAL DESCRIPTION | |
| Extent | ix,480p.: |
| Dimensions | 26cm. |
| 440 ## - SERIES STATEMENT/ADDED ENTRY--TITLE | |
| Name of part/section of a work | Consolidated Table of Statutes 2014. |
| 505 ## - FORMATTED CONTENTS NOTE | |
| Formatted contents note | Contents: Publisher's note -- How to use Halsburys' laws of England -- List of Volumes, paragraph numbers and titles -- Consolidated table of statutes -- Consolidated table of foreign enactments. |
| 700 ## - ADDED ENTRY--PERSONAL NAME | |
| Personal name | Mackay, Lord. |
| 942 ## - ADDED ENTRY ELEMENTS (KOHA) | |
| Source of classification or shelving scheme | Library of Congress Classification |
| Koha item type | Books |
| Withdrawn status | Lost status | Source of classification or shelving scheme | Damaged status | Not for loan | Collection code | Home library | Current library | Shelving location | Date acquired | Total Checkouts | Full call number | Barcode | Date last seen | Copy number | Price effective from | Koha item type |
|---|---|---|---|---|---|---|---|---|---|---|---|---|---|---|---|---|
| Library of Congress Classification | Non-fiction | WISCONSIN INTERNATIONAL UNIVERSITY COLLEGE, GHANA - MAIN LIBRARY | WISCONSIN INTERNATIONAL UNIVERSITY COLLEGE, GHANA - MAIN LIBRARY | Law Library | 03/09/2014 | KD310.H16(4/5e 2014consolidated table) | 1066/54/14 | 03/09/2014 | 1 | 03/09/2014 | Books |
